Preparation de formamide de la benzophenone oxime et les O-derives; Перспективы развития фундаментальных наук

গ্রন্থ-পঞ্জীর বিবরন
Parent link:Перспективы развития фундаментальных наук.— 2014.— [С. 339-341]
প্রধান লেখক: Danilenko N. V. Nadezhda Viktorovna
সংস্থা লেখক: Национальный исследовательский Томский политехнический университет (ТПУ) Институт физики высоких технологий (ИФВТ) Кафедра биотехнологии и органической химии (БИОХ)
অন্যান্য লেখক: Kuksenok V. Yu. Vera Yurievna (научный руководитель), Belyaeva V. E. Valeriya Evgenievna, Shtrykova V. V. Viktoriya Viktorovna
সংক্ষিপ্ত:Заглавие с экрана
Бензгидрилмочевины являются биологически активными соединениями, проявляющими выраженную противосудорожную активность, а субстраты в синтезе бензгидрилмочевин -бензгидриламины. Поэтому целью нашей работы была разработка удобного и экономически выгодного способа получения бензгидриламинов.Первым этапом работы было получение оксимабензофенона, который в дальнейшем восстанавливался до бензгидриламина. Таким образом,нами был найден эффективный метод восстановления оксимабензофенона и его О-производных до соответствующего формамида., который, как известно при гидролизе образует бензгидриламин.
ভাষা:ফরাসি
প্রকাশিত: 2014
মালা:Химия
বিষয়গুলি:
অনলাইন ব্যবহার করুন:http://www.lib.tpu.ru/fulltext/c/2014/C21/110.pdf
বিন্যাস: বৈদ্যুতিক গ্রন্থের অধ্যায়
KOHA link:https://koha.lib.tpu.ru/cgi-bin/koha/opac-detail.pl?biblionumber=606910

MARC

LEADER 00000naa2a2200000 4500
001 606910
005 20260306134409.0
035 |a (RuTPU)RU\TPU\conf\4289 
035 |a RU\TPU\conf\4288 
090 |a 606910 
100 |a 20140620d2014 k y0rusy50 ca 
101 0 |a fre 
102 |a RU 
135 |a drcn ---uucaa 
181 0 |a i  
182 0 |a b 
200 1 |a Preparation de formamide de la benzophenone oxime et les O-derives  |d Получение формамида бензофенона из оксима и его О-производных  |f N. V. Danilenko, V. Yu. Kuksenok, V. E. Belyaeva  |g direct. sciet. V. V. Shtrykova 
203 |a Текст  |c электронный 
215 |a 1 файл(448 Кб) 
225 1 |a Химия 
300 |a Заглавие с экрана 
320 |a [Библиогр.: с. 341 (4 назв.)] 
330 |a Бензгидрилмочевины являются биологически активными соединениями, проявляющими выраженную противосудорожную активность, а субстраты в синтезе бензгидрилмочевин -бензгидриламины. Поэтому целью нашей работы была разработка удобного и экономически выгодного способа получения бензгидриламинов.Первым этапом работы было получение оксимабензофенона, который в дальнейшем восстанавливался до бензгидриламина. Таким образом,нами был найден эффективный метод восстановления оксимабензофенона и его О-производных до соответствующего формамида., который, как известно при гидролизе образует бензгидриламин. 
337 |a Adobe Reader 
463 1 |0 (RuTPU)RU\TPU\conf\3586  |t Перспективы развития фундаментальных наук  |l Prospects of fundamental sciences development  |o сборник научных трудов XI Международной конференция студентов и молодых ученых, г. Томск, 22-25 апреля 2014 г.  |f Национальный исследовательский Томский политехнический университет (ТПУ) ; под ред. Е. А. Вайтулевич  |v [С. 339-341]  |d 2014 
510 1 |a Получение формамида бензофенона из оксима и его О-производных  |z rus 
610 1 |a электронный ресурс 
610 1 |a труды учёных ТПУ 
610 1 |a формамид бензофенон 
610 1 |a оксимы 
610 1 |a бензгидрилмочевины 
610 1 |a биологически-активные соединения 
700 1 |a Danilenko  |b N. V.  |c chemical engineer  |c Research Engineer, Tomsk Polytechnic University  |f 1992-  |g Nadezhda Viktorovna  |3 (RuTPU)RU\TPU\pers\37547  |9 20416 
701 1 |a Kuksenok  |b V. Yu.  |c chemist  |c Senior Lecturer of Tomsk Polytechnic University, Candidate of Chemical Sciences  |f 1989-  |g Vera Yurievna  |3 (RuTPU)RU\TPU\pers\32463  |9 16412 
701 1 |a Belyaeva  |b V. E.  |c linguist  |c Lecturer of Tomsk Polytechnic University  |f 1988-  |g Valeriya Evgenievna  |3 (RuTPU)RU\TPU\pers\32464 
702 1 |a Shtrykova  |b V. V.  |c chemist  |c Associate professor of Tomsk Polytechnic University, Candidate of chemical sciences  |f 1962-  |g Viktoriya Viktorovna  |4 727 
712 0 2 |a Национальный исследовательский Томский политехнический университет (ТПУ)  |b Институт физики высоких технологий (ИФВТ)  |b Кафедра биотехнологии и органической химии (БИОХ)  |3 (RuTPU)RU\TPU\col\18693 
801 1 |a RU  |b 63413507  |c 20101016 
801 2 |a RU  |b 63413507  |c 20191118  |g RCR 
856 4 |u http://www.lib.tpu.ru/fulltext/c/2014/C21/110.pdf 
942 |c CF